| 000 | 00540nam a22001937a 4500 | ||
|---|---|---|---|
| 003 | CEME | ||
| 005 | 20210628205348.0 | ||
| 008 | 210312b xxu||||| |||| 00| 0 eng d | ||
| 020 | _a0-471-51734-8 | ||
| 040 | _c. | ||
| 082 | _a621.31042 MCP'I | ||
| 100 |
_aMcpherson, George Laramore, Robert D _975126 |
||
| 245 | _aAn introduction to electrical machines and transformers | ||
| 250 | _a2ND | ||
| 260 |
_aNEWYORK _bJOHN WILEY _c1990 |
||
| 300 | _aX, 571P | ||
| 650 |
_aELECTRIC MACHINERY ELECTRIC TRANSFORMS _975127 |
||
| 942 |
_cBK _2ddc |
||
| 999 |
_c580610 _d580610 |
||